000 02286nam0a2200385 4500
001 RU\NLR\BIBL_A\012716084
005 20220624181319.0
010 _a978-5-907324-33-6
_9300
021 _aRU
_bКН-П-21-078819
_9КН-П-21-6275
035 _a(NLR Aleph) 012716084
035 _a(RuMoRGB)010876375
090 _a12925728
_c12925728
100 _a20220225d2021 u y0rusy50 ca
101 0 _arus
102 _aRU
105 _aa|||j|||000zy
181 0 _ai
_baxxe
182 0 _an
200 1 _aНейросетевые методы обработки информации
_eучебное пособие
_eдля бакалавров и магистрантов, обучающихся по специальностям "Информатика и вычислительная техника" и "Информационные системы и технологии"
_fС.Г. Толмачев
_gМинистерство науки и высшего образования Российской Федерации, Балтийский государственный технический университет "Военмех", Кафедра "Системы обработки информации и управления"
203 _aТекст
_bвизуальный
_cнепосредственный
210 _aСанкт-Петербург
_cБалтийский государственный технический университет
_d2021
215 _a101, [1] с.
_cил., табл.
_d21
320 _aБиблиогр.: с. 92 (8 назв.)
606 1 _aИнформация
_jУчебные издания для высших учебных заведений
_xОбработка
_xИскусственных нейронных сетей методы
_92218811
_3RU\NLR\AUTH\661332451
610 0 _aискусственные нейронные сети
610 0 _aсверточные нейронные сети
610 0 _aтензоры
675 _a004.032.26(075.8)
_v4
686 _aЗ818.6с116я73-1
_2rubbk
686 1 _aЗ818я73-1
700 1 _aТолмачев
_bС. Г.
_gСергей Геннадьевич
942 _cBOOK
980 _aNB